Το φαινόμενο του θερμοκηπίου

Αποθηκεύτηκε σε:
Λεπτομέρειες βιβλιογραφικής εγγραφής
Κύριος συγγραφέας: Samuel, Pierre
Μορφή: Βιβλίο
Γλώσσα:Greek
French
Δημοσίευση: Αθήνα : Εναλλακτικές Εκδόσεις, 1992.
Σειρά:Οικολογική σκέψη ; 7
Θέματα:
Ετικέτες: Προσθήκη ετικέτας
Δεν υπάρχουν, Καταχωρήστε ετικέτα πρώτοι!

MARC

LEADER 00000cam a2200000 i 4500
001 1/83618
008 990608s1992 gr | ||| |||| ||gre||
020 |a 9604270168 
035 |l 10051395 
040 |a GR-MyUa  |b gre  |e AACR2 
041 1 |a gre  |h fre 
082 7 |a 363.7387   |2 (22) 
100 1 |a Samuel, Pierre. 
245 1 3 |a Το φαινόμενο του θερμοκηπίου /   |c Πιέρ Σαμιουέλ ; μετάφραση Λήδα Βλάχου, Γίώργος Καραμπελιάς. 
260 |a Αθήνα :   |b Εναλλακτικές Εκδόσεις,   |c 1992. 
300 |a 195 σ.   |c 18 εκ. 
490 1 |a (Οικολογική σκέψη ;   |v 7) 
500 |a Τίτλος πρωτοτύπου: L'effet de serre. 
650 0 |a Greenhouse effect, Atmospheric. 
830 0 |a Οικολογική σκέψη ;  |v 7 
852 |a INST  |b RHODES  |e 19990608  |h 363.7387 SAM  |p 005400015013  |q 005400015013  |t BK  |y 0 
901 |a BIBL4-1999-2 
922 |a 4ΕΛΗ  |b 199903  |c ΚΠΣ/ΔΕ  |d EMVASIS